000 00347nam a2200145Ia 4500
008 230917s9999||||xx |||||||||||||| ||und||
040 _e104582
_aMAIN
041 _aEnglish
082 _a181.4 S64B
100 _aSinha, Jadunath
245 0 _aBharatiya darshan
260 _aDelhi
_bMotilal Banarsidas
_c2000
300 _a334p p.
942 _cBK
999 _c118842
_d118842